Pokémons de Johto (2G) - Statistiques

Statistiques générales
  • Ce quiz a été pris 607 fois
  • Le résultat moyen est 64 sur 100
Statistiques - réponses
No. Pokémon % Correct
#158 Kaiminus
97%
#152 Germignon
96%
#155 Héricendre
96%
#160 Aligatueur
95%
#156 Feurisson
95%
#154 Méganium
95%
#157 Typhlosion
95%
#250 Ho-Oh
93%
#249 Lugia
92%
#159 Crocrodil
91%
#153 Macronium
91%
#245 Suicune
90%
#244 Entei
89%
#243 Raikou
89%
#251 Celebi
87%
#161 Fouinette
83%
#163 Hoothoot
82%
#162 Fouinar
81%
#164 Noarfang
81%
#208 Steelix
79%
#248 Tyranocif
79%
#246 Embrylex
77%
#196 Mentali
77%
#197 Noctali
77%
#172 Pichu
77%
#247 Ymphect
77%
#239 Élekid
75%
#240 Magby
75%
#241 Écrémeuh
74%
#180 Lainergie
74%
#181 Pharamp
74%
#212 Cizayox
71%
#173 Mélo
71%
#167 Mimigal
70%
#174 Toudoudou
70%
#179 Wattouat
69%
#237 Kapoera
68%
#168 Migalos
68%
#230 Hyporoi
66%
#238 Lippouti
66%
#175 Togepi
66%
#229 Démolosse
65%
#228 Malosse
65%
#169 Nostenfer
65%
#236 Debugant
64%
#200 Feuforêve
63%
#201 Zarbi
63%
#198 Cornèbre
62%
#185 Simularbre
62%
#176 Togetic
62%
#165 Coxy
61%
#166 Coxyclaque
60%
#214 Scarhino
59%
#186 Tarpaud
58%
#220 Marcacrin
57%
#221 Cochignon
56%
#194 Axoloto
55%
#182 Joliflor
55%
#199 Roigada
55%
#189 Cotovol
54%
#215 Farfuret
54%
#195 Maraiste
54%
#227 Airmure
53%
#232 Donphan
53%
#188 Floravol
53%
#231 Phanpy
53%
#204 Pomdepik
53%
#234 Cerfrousse
52%
#177 Natu
52%
#178 Xatu
52%
#184 Azumarill
51%
#205 Foretress
51%
#187 Granivol
51%
#192 Héliatronc
51%
#183 Marill
51%
#217 Ursaring
51%
#203 Girafarig
50%
#216 Teddiursa
50%
#242 Leuphorie
49%
#191 Tournegrin
49%
#171 Lanturn
48%
#224 Octillery
48%
#226 Démanta
47%
#218 Limagma
47%
#170 Loupio
47%
#225 Cadoizo
46%
#223 Rémoraid
46%
#210 Granbull
45%
#209 Snubbull
45%
#219 Volcaropod
45%
#206 Insolourdo
44%
#190 Capumain
43%
#233 Porygon2
42%
#202 Qulbutoké
42%
#207 Scorplane
42%
#211 Qwilfish
40%
#235 Queulorior
38%
#193 Yanma
38%
#213 Caratroc
37%
#222 Corayon
36%
Aucun quiz correspondant
Distribution des résultats
% des personnes avec chaque résultat
Percentile par nombre de réponses
Votre historique - résultats
Vous n’avez pas pris ce quiz